000 00638nam a2200229Ia 4500
003 OSt
005 20220918192451.0
006 a|||||r|||| 00| 0
007 ta
008 220917b |||||||| |||| 00| 0 eng d
024 _a68,520
037 _cTextual
040 _aARTS
_cARTS
_beng
041 _2eng
_aeng
082 _aR3z7, J0;K3
100 _aBlack Max Ed.
_965538
245 0 _aPhilosophical analysis
_b A collection of essays
260 _aEnglewood
_bCliffs Prentice - Hall, Inc. New Jarsay
_c1963
300 _a401p.
_ccm.
942 _hR3z7, J0;K3
_cTEXL
_2CC
999 _c194691
_d194691